000 00655nam a2200253Ia 4500
003 OSt
005 20221006145040.0
006 a|||||r|||| 00| 0
007 ta
008 221006b |||||||| |||| 00| 0 eng d
020 _c55.00
024 _a13,609
037 _cTextual
040 _aEASL
_cEASL
_beng
041 _2eng
_aeng
082 _aV49G.N77, L8
100 _aCHAKRAVARTI S R
_9108579
245 0 _aTurmoil and political change in South Asia
260 _aJaipur
_bAalekh Pub.
_c1978
300 _a204p.
_ccm.
490 _v Oth
942 _hV49G.N77, L8
_cTEXL
_2CC
999 _c1081695
_d1081695